000 00531cam a2200181 a 4500
040 _cDLC
082 0 0 _a959 BAL 1994 A087 Or.
100 1 _aCaputo, Philip.
245 1 2 _aA rumor of war /
250 _a1st Ballantine Books trade paperback ed.
260 _aNew York :
_bBallantine Books,
_c[1994]
300 _axix, 346 p. :
_bmaps ;
_c24 cm.
500 _a"March 1994."
500 _aOriginally published: New York : Holt, Rinehart and Winston, 1977.
650 0 _aVietnam War, 1961-1975
650 0 _aSoldiers
942 _cEK
999 _c17032
_d17032